| 000 | 00477nam a2200193Ia 4500 | ||
|---|---|---|---|
| 005 | 20240823053612.0 | ||
| 008 | 240823s9999||||xx |||||||||||||| ||und|| | ||
| 020 | _a0-521-43085-2 | ||
| 041 | _aENGLISH | ||
| 082 | _A930.1 N5 | ||
| 100 | _aRoland Fletcher | ||
| 245 | 4 | _aThe limits of settlement growth | |
| 250 | _a1st | ||
| 260 |
_c1995 _bCambridege University Press |
||
| 500 | _aTRANSFERED | ||
| 650 |
_aSettlement Growth _bGeneral |
||
| 942 | _cBK | ||
| 999 |
_c224530 _d224530 |
||